Finančná kríza a dohľad nad poisťovníctvom bakalárska práca

Enregistré dans:
Détails bibliographiques
Auteur principal: Šebesta, Roman
Collectivité auteur: Národohospodárska fakulta EU. Katedra poisťovníctva
Autres auteurs: Marko, Peter
Format: Livre
Langue:slovaque
Publié: Bratislava 2013
Tags: Ajouter un tag
Pas de tags, Soyez le premier à ajouter un tag!

MARC

LEADER 00000nbm a2200000 4500
001 0175784
005 20170314110840.7
041 0 |a slo 
044 |a SK 
245 1 0 |a Finančná kríza a dohľad nad poisťovníctvom  |b bakalárska práca  |c Roman Šebesta ; školiteľ: Peter Marko 
264 1 |a Bratislava  |c 2013 
300 |a 43 s. 
100 1 |a Šebesta, Roman 
700 1 |a Marko, Peter 
710 2 |a Národohospodárska fakulta EU. Katedra poisťovníctva